Statistics for Seven Ecumenical Councils of the Orthodox Church

Click here to take the quiz!

General Stats

  • This quiz has been taken 43 times
  • The average score is 5 of 7

Answer Stats

YearCity% Correct
381First Council of {Constantinople}
88%
553Second Council of {Constantinople}
88%
680-681Third Council of {Constantinople}
88%
325First Council of {Nicaea}
79%
787Second Council of {Nicaea}
79%
431Council of {Ephesus}
53%
451Council of {Chalcedon}
50%

Score Distribution

Percentile by Number Answered

Percent of People with Each Score

Your Score History

You have not taken this quiz